Score 0/33 Timer 10:00
0 Plays Today
% Correct
La Paz
92.9%
Santiago
92.9%
Pretoria
92.9%
Cape Town
92.9%
Kuala Lumpur
90.5%
Amsterdam
90.5%
Sana'a
90.5%
Tegucigalpa
88.1%
Podgorica
88.1%
The Hague
88.1%
Colombo
88.1%
Tbilisi
85.7%
Sucre
83.3%
Bloemfontein
83.3%
Dodoma
83.3%
Dar es Salaam
83.3%
Porto-Novo
78.6%
% Correct
Abidjan
76.2%
Mbabane
76.2%
Yamoussoukro
69%
Sri Jayawardenepura Kotte
69%
Aden
64.3%
Ngerulmud
57.1%
Cotonou
54.8%
Valparaíso
54.8%
Melekeok
47.6%
Comayagüela
35.7%
Lobamba
35.7%
Laayoune
35.7%
Cetinje
33.3%
Putrajaya
28.6%
Tifariti
21.4%
Kutaisi
19%
Remove Ads.
Support Sporcle.
Get the best of Sporcle when you Go Orange. This ad-free experience offers more features, more stats, and more fun while also helping to support Sporcle. Thank you for becoming a member.

You're not logged in!

Compare scores with friends on all Sporcle quizzes.
OR
Log In

Show Comments

Extras

Top Quizzes Today


Score Distribution

Your Account Isn't Verified!

In order to create a playlist on Sporcle, you need to verify the email address you used during registration. Go to your Sporcle Settings to finish the process.

Report this User

Report this user for behavior that violates our Community Guidelines.

Details: